| 000 | 00882nam0a2200313 i 4500 | ||
|---|---|---|---|
| 001 | RU\NLR\BIBL_A\010028761 | ||
| 005 | 20240726103514.0 | ||
| 010 | _a9785600000902 | ||
| 021 |
_aRU _b13-98310 |
||
| 035 | _a(NILC)RuMoRGB-006707017 | ||
| 035 | _a(NLR Aleph) 010028761 | ||
| 090 |
_a9938044 _c9938044 |
||
| 100 | _a20140205d2013 um y0rusy50 ca | ||
| 101 | 0 | _arus | |
| 102 | _aRU | ||
| 105 | _ay|||||||||||| | ||
| 200 | 1 |
_a100 и один в "Рупор" _e[сборник стихов] _fР. Рейнхардт |
|
| 210 |
_aЕкатеринбург _c[б. и.] _d2013 |
||
| 215 |
_a141, [2] с. _d15 |
||
| 675 | _a821.161.1-1 | ||
| 686 | 2 | _aШ6(2=Р)8-5 | |
| 700 | 1 |
_aРейнхардт _bР. |
|
| 801 | 0 |
_aRU _bRuMoRKP _c20131205 _gRCR |
|
| 801 | 2 |
_aRU _bРГБ _c20140114 _grcr |
|
| 942 | _cBOOK | ||
| 980 | _aNBR | ||